[Event "NK A Jeugd"]
[Site "Chess.com"]
[Date "2020.05.01"]
[Round "5"]
[White "Heskes, Johan"]
[Black "Shakhverdian, William"]
[Result "0-1"]
[WhiteElo "1755"]
[BlackElo "2086"]
[PlyCount "82"]
[EventDate "2020.05.??"]

1. d4 d5 2. c4 c6 3. Nc3 Nf6 4. Bf4 Nbd7 5. e3 e6 6. c5 b6 7. b4 a5 8. a3 b5 9.
Bxb5 cxb5 10. Nxb5 e5 11. dxe5 Ba6 12. Nd6+ Bxd6 13. cxd6 O-O 14. exf6 Qxf6 15.
Nf3 Qc3+ 16. Nd2 Rac8 17. bxa5 Nf6 18. f3 Nh5 19. Kf2 Nxf4 20. exf4 Qd4+ 21.
Kg3 Qf6 22. h3 Qxd6 23. Re1 h5 24. Ne4 Qg6+ 25. Ng5 Bc4 26. Kh2 Ra8 27. Qd2 Qa6
28. Qc2 g6 29. Qc3 Qxa5 30. Qxa5 Rxa5 31. Re7 d4 32. Rd7 d3 33. Ne4 Rfa8 34.
Nd2 Bb5 35. Rd5 Kg7 36. a4 Bxa4 37. Rxd3 Bc6 38. Rc1 Rd5 39. Rxd5 Bxd5 40. Ne4
Ra4 41. Rc6 Bxc6 0-1

[Event "NK A Jeugd"]
[Site "Chess.com"]
[Date "2020.05.01"]
[Round "5"]
[White "Maters, Arthur"]
[Black "Van Roon, Sjoerd"]
[Result "1-0"]
[WhiteElo "1939"]
[BlackElo "2305"]
[PlyCount "105"]
[EventDate "2020.05.??"]

1. e4 c5 2. Nf3 Nc6 3. d4 cxd4 4. Nxd4 Nf6 5. Nc3 e5 6. Ndb5 d6 7. Bg5 a6 8.
Na3 b5 9. Bxf6 gxf6 10. Nd5 f5 11. Nxb5 axb5 12. Bxb5 Bd7 13. exf5 Rc8 14. Qd3
Bg7 15. O-O O-O 16. a4 f6 17. a5 Nd4 18. Bxd7 Qxd7 19. Nb6 Qxf5 20. Qxf5 Nxf5
21. Nxc8 Rxc8 22. a6 Nd4 23. a7 Ra8 24. b4 Nxc2 25. b5 Nd4 26. b6 Nc6 27. b7
Rxa7 28. Rxa7 Bf8 29. Rb1 d5 30. b8=Q Nxb8 31. Rxb8 d4 32. Raa8 Kf7 33. Rxf8+
Ke6 34. Kf1 h5 35. Ke2 h4 36. Rh8 h3 37. Rxh3 e4 38. Ra4 f5 39. Rxd4 Ke5 40.
Ra4 Kf4 41. g3+ Kg5 42. Rh8 f4 43. h4+ Kg4 44. Rxe4 Kf5 45. Rxf4+ Kg6 46. Ke3
Kg7 47. Rh5 Kg6 48. Rg5+ Kh6 49. Rf6+ Kh7 50. h5 Kh8 51. h6 Kh7 52. Rg7+ Kh8
53. Rf8# 1-0

[Event "NK A Jeugd"]
[Site "Chess.com"]
[Date "2020.05.01"]
[Round "5"]
[White "De Winter, Arthur"]
[Black "Van Foreest, Machteld"]
[Result "0-1"]
[WhiteElo "2421"]
[BlackElo "2083"]
[PlyCount "114"]
[EventDate "2020.05.??"]

1. e4 e5 2. Nf3 Nc6 3. Bb5 Nf6 4. O-O Nxe4 5. Re1 Nd6 6. Nxe5 Nxe5 7. Rxe5+ Be7
8. Bf1 O-O 9. d4 Ne8 10. Bd3 d5 11. Nc3 Be6 12. Qf3 Bd6 13. Re1 Nf6 14. Bg5 c6
15. h3 Re8 16. Re2 Bc7 17. Rae1 Qd6 18. g3 Bxh3 19. Rxe8+ Rxe8 20. Rxe8+ Nxe8
21. Qh5 h6 22. Qxh3 hxg5 23. Qc8 Kf8 24. Qxb7 a5 25. Na4 Nf6 26. Nc5 g6 27. c3
Kg7 28. Bc2 Ng4 29. Ba4 Qe7 30. Qa6 Bxg3 31. Nd3 Bh4 32. Bd1 Qe4 33. Bxg4 Qxg4+
34. Kf1 Qf3 35. Ke1 Qe3+ 36. Kd1 Bxf2 37. Nxf2 Qxf2 38. Qxc6 Qxb2 39. Qxd5 Qxc3
40. Qe5+ Kh7 41. Qh2+ Kg7 42. Qe5+ Kf8 43. Qd6+ Ke8 44. Qe5+ Kd7 45. Qd5+ Ke7
46. Qe5+ Kd8 47. Qd5+ Kc8 48. Qa8+ Kc7 49. Qa7+ Kd6 50. Qb8+ Qc7 51. Qf8+ Kd5
52. Qg7 Qe7 53. Kd2 Qb4+ 54. Kd3 Qc4+ 55. Ke3 Qc3+ 56. Ke2 Qc2+ 57. Ke3 Qe4+
0-1

[Event "NK A Jeugd"]
[Site "Chess.com"]
[Date "2020.05.01"]
[Round "5"]
[White "Roebers, Eline"]
[Black "Duson, Robin"]
[Result "0-1"]
[WhiteElo "2043"]
[BlackElo "1940"]
[PlyCount "62"]
[EventDate "2020.05.??"]

1. g4 d5 2. Bg2 Bxg4 3. c4 Nf6 4. Qb3 Nbd7 5. cxd5 Nc5 6. Qb5+ Nfd7 7. d4 a6 8.
Qc4 b5 9. Qc2 Nb7 10. d6 Nxd6 11. Bxa8 Qxa8 12. f3 g6 13. Nc3 Bg7 14. Be3 O-O
15. O-O-O Bf5 16. Qb3 a5 17. Bf4 a4 18. Qb4 Nb6 19. e4 Bd7 20. Bxd6 cxd6 21.
Kb1 Nc4 22. Nxb5 Bxb5 23. Qxb5 Na3+ 24. bxa3 Rb8 25. Qxb8+ Qxb8+ 26. Ka1 Qb5
27. Nh3 Qe2 28. Nf4 Qxf3 29. Nd5 Qxe4 30. Nc3 Bxd4 31. Rc1 Qd3 0-1

[Event "NK A Jeugd"]
[Site "Chess.com"]
[Date "2020.05.01"]
[Round "5"]
[White "De Boer, Eelke"]
[Black "Hilwerda, Jonas"]
[Result "1-0"]
[WhiteElo "1919"]
[BlackElo "2235"]
[PlyCount "111"]
[EventDate "2020.05.??"]

1. e4 c5 2. Nf3 Nc6 3. d4 cxd4 4. Nxd4 Nf6 5. Nc3 e5 6. Ndb5 d6 7. Bg5 a6 8.
Na3 b5 9. Nd5 Be7 10. Bxf6 Bxf6 11. c3 Ne7 12. Nxf6+ gxf6 13. Nc2 d5 14. Bd3
dxe4 15. Bxe4 Qxd1+ 16. Rxd1 Ra7 17. Rd6 f5 18. Bd3 Rd7 19. Rxd7 Kxd7 20. f3
Bb7 21. Kf2 h5 22. Rd1 Ke6 23. c4 bxc4 24. Bxc4+ Bd5 25. Ne3 Bxc4 26. Nxc4 Nd5
27. Rd3 Rc8 28. b3 Rc5 29. g3 a5 30. Rd2 a4 31. Ne3 axb3 32. axb3 Nxe3 33. Kxe3
Rc3+ 34. Rd3 Rxd3+ 35. Kxd3 Kd5 36. b4 e4+ 37. Ke3 Ke5 38. h4 Kd5 39. b5 Kc5
40. fxe4 Kxb5 41. exf5 Kc5 42. f6 Kd5 43. Kf4 Ke6 44. Kg5 Ke5 45. Kxh5 Kxf6 46.
Kh6 Kf5 47. Kg7 Kg4 48. Kxf7 Kh5 49. Kf6 Kh6 50. g4 Kh7 51. g5 Kh8 52. g6 Kg8
53. g7 Kh7 54. Kf7 Kh6 55. g8=Q Kh5 56. Qg5# 1-0

[Event "NK A Jeugd"]
[Site "Chess.com"]
[Date "2020.05.01"]
[Round "5"]
[White "Han, Yichen"]
[Black "Noordenbos, Daan"]
[Result "1-0"]
[WhiteElo "2174"]
[BlackElo "2074"]
[PlyCount "83"]
[EventDate "2020.05.??"]

1. e4 e6 2. d4 d5 3. Nc3 Bb4 4. a3 Bxc3+ 5. bxc3 dxe4 6. Qg4 Nf6 7. Qxg7 Rg8 8.
Qh6 Rg6 9. Qe3 Nd5 10. Qxe4 Nxc3 11. Qd3 Nd5 12. Nf3 Nc6 13. h4 h5 14. Ng5 Qf6
15. Bb2 Nf4 16. Qe4 Bd7 17. O-O-O Nd5 18. Bd3 Rg8 19. c4 Qf4+ 20. Kb1 Qxe4 21.
Nxe4 Nf4 22. Nf6+ Ke7 23. Nxg8+ Rxg8 24. Be4 Na5 25. g3 Ng6 26. Rc1 Nb3 27.
Rcd1 b6 28. Rhe1 Na5 29. Bd3 Ba4 30. Rd2 Bb3 31. Rc1 Ba4 32. Re2 c6 33. d5 cxd5
34. cxd5 Bd7 35. dxe6 Bxe6 36. f4 Rd8 37. Bc2 Kf8 38. f5 Bc4 39. Re4 Ne7 40.
Bf6 Rd7 41. Rce1 Nxf5 42. Re8# 1-0

[Event "NK A Jeugd"]
[Site "Chess.com"]
[Date "2020.05.01"]
[Round "5"]
[White "Van Dael, Siem"]
[Black "Grutter, Tim"]
[Result "1/2-1/2"]
[WhiteElo "2251"]
[BlackElo "2196"]
[PlyCount "132"]
[EventDate "2020.05.??"]

1. e4 c5 2. Nf3 Nc6 3. d4 cxd4 4. Nxd4 Nf6 5. Nc3 e5 6. Ndb5 d6 7. Bg5 a6 8.
Na3 b5 9. Nd5 Be7 10. Bxf6 Bxf6 11. c3 O-O 12. Nc2 Bg5 13. a4 bxa4 14. Rxa4 a5
15. Bc4 Rb8 16. b3 Kh8 17. h4 Bh6 18. g4 Bf4 19. Nce3 Be6 20. g5 Ne7 21. Nxe7
Qxe7 22. Nd5 Bxd5 23. Bxd5 Qc7 24. Qd3 Qc5 25. Rg1 Rbc8 26. Rc4 Qa3 27. Rxc8
Rxc8 28. Kf1 Qc1+ 29. Kg2 Qxc3 30. Qxc3 Rxc3 31. Ra1 h6 32. Rxa5 hxg5 33. h5 g6
34. hxg6 fxg6 35. Ra2 Rd3 36. b4 Rd2 37. b5 Be3 38. Rxd2 Bxd2 39. b6 Ba5 40. b7
Bc7 41. Kf3 Kg7 42. Ke3 Kf6 43. Kd3 g4 44. Kc4 Ke7 45. Kb5 g5 46. Kc6 Bb8 47.
Kb6 Kd8 48. Kc6 Ke7 49. Bb3 Kd8 50. Bd1 Ke7 51. Bxg4 Kd8 52. Be6 Ke7 53. Bd5
Kd8 54. Kb5 Kc7 55. Ka6 Kd8 56. Kb6 Ke7 57. Kb5 Kd8 58. Kc4 Kc7 59. Kd3 Ba7 60.
Ke2 Bc5 61. Kf3 Bd4 62. Kg3 Bc5 63. f3 Be3 64. Kg4 Bf4 65. Kf5 Bd2 66. Ke6 Bf4
1/2-1/2

[Event "NK A Jeugd"]
[Site "Chess.com"]
[Date "2020.05.01"]
[Round "5"]
[White "Honkoop, Gilian"]
[Black "Labruyère, Roger"]
[Result "1-0"]
[WhiteElo "1672"]
[BlackElo "1905"]
[PlyCount "84"]
[EventDate "2020.05.??"]

1. d4 Nf6 2. Nf3 d5 3. c4 e6 4. g3 c6 5. Qc2 Be7 6. Bg2 O-O 7. Nbd2 b6 8. O-O
Bb7 9. e4 Nbd7 10. e5 Ne8 11. cxd5 cxd5 12. Re1 Rc8 13. Qa4 a5 14. Nf1 Bc6 15.
Qd1 g6 16. Bh6 Ng7 17. Ne3 Re8 18. h4 Bf8 19. Nh2 b5 20. Nhg4 b4 21. Qf3 Nh5
22. Bxf8 Rxf8 23. Bf1 Ba4 24. Bd3 Qe7 25. Rac1 Kg7 26. Ng2 b3 27. axb3 Bxb3 28.
N4e3 Kg8 29. Nf4 Nxf4 30. Qxf4 a4 31. Ng4 Rfd8 32. Kg2 h5 33. Nf6+ Nxf6 34.
exf6 Qf8 35. g4 hxg4 36. h5 Qd6 37. Qh6 Qf8 38. Qg5 Rxc1 39. Rxc1 Rc8 40. Rxc8
Qxc8 41. hxg6 Kf8 42. Qh6+ Ke8 1-0

[Event "NK A Jeugd"]
[Site "Chess.com"]
[Date "2020.05.01"]
[Round "5"]
[White "Emans, Job"]
[Black "Qi, Zimo"]
[Result "0-1"]
[WhiteElo "1942"]
[BlackElo "1769"]
[PlyCount "130"]
[EventDate "2020.05.??"]

1. d4 d5 2. c4 e6 3. Nf3 Nf6 4. g3 Nbd7 5. Bg2 b6 6. O-O Bd6 7. Qc2 O-O 8. Nc3
Re8 9. Nb5 Bb7 10. Nxd6 cxd6 11. b3 Rc8 12. Qd3 Ba6 13. Nd2 dxc4 14. bxc4 d5
15. Qa3 Bxc4 16. Nxc4 Rxc4 17. Qxa7 Ne4 18. e3 Ndf6 19. Rb1 Nc3 20. Ra1 Qc8 21.
Bb2 Qc6 22. Bxc3 Ra4 23. Qxa4 Qxa4 24. Rab1 b5 25. Rb4 Qxa2 26. Rxb5 Qc2 27.
Ba5 h6 28. Rb7 Ra8 29. Bc7 Rc8 30. Be5 Qd2 31. h3 Rc1 32. Rb1 Rxf1+ 33. Rxf1
Ne4 34. Bxe4 dxe4 35. Ra1 Kh7 36. Ra7 Kg6 37. Re7 Qd1+ 38. Kg2 Qf3+ 39. Kg1 Qf5
40. Kg2 h5 41. h4 Qf3+ 42. Kg1 Qd1+ 43. Kg2 Qf3+ 44. Kg1 Qf5 45. Kg2 f6 46. Bf4
Qg4 47. Bd6 Qf3+ 48. Kg1 Qg4 49. Kg2 Kf5 50. Bf4 g5 51. hxg5 fxg5 52. Be5 h4
53. Rf7+ Kg6 54. Rf6+ Kh5 55. Rf8 hxg3 56. fxg3 Kg6 57. Rf6+ Kh5 58. Rf8 Qe2+
59. Rf2 Qxe3 60. Kf1 Qc1+ 61. Kg2 Kg4 62. Re2 Qb1 63. Rd2 Qe1 64. Ra2 e3 65.
Bd6 e2 0-1

[Event "NK A Jeugd"]
[Site "Chess.com"]
[Date "2020.05.01"]
[Round "5"]
[White "Van Randtwijk, Mick"]
[Black "Wedda, Dries"]
[Result "0-1"]
[WhiteElo "2060"]
[BlackElo "2254"]
[PlyCount "56"]
[EventDate "2020.05.??"]

1. e4 c5 2. Nf3 d6 3. d4 cxd4 4. Nxd4 Nf6 5. Nc3 a6 6. Be3 e5 7. Nf3 Qc7 8. a4
Be7 9. a5 O-O 10. Be2 Nc6 11. Bb6 Qd7 12. O-O Bd8 13. Nd2 Bxb6 14. axb6 d5 15.
exd5 Nxd5 16. Nxd5 Qxd5 17. Nc4 Be6 18. b3 Nd4 19. Ra5 Qc6 20. Rxe5 Nxe2+ 21.
Qxe2 Rac8 22. Re4 Bd5 23. Rg4 f5 24. Rg3 f4 25. Rg5 h6 26. Re5 Bxg2 27. Rd1 Bf3
28. Qe1 Qg6+ 0-1

[Event "NK A Jeugd"]
[Site "Chess.com"]
[Date "2020.05.01"]
[Round "5"]
[White "Elgersma, Onno"]
[Black "Wierenga, Jael"]
[Result "1-0"]
[WhiteElo "2283"]
[BlackElo "1957"]
[PlyCount "37"]
[EventDate "2020.05.??"]

1. e4 c5 2. Nf3 d6 3. d4 cxd4 4. Nxd4 Nf6 5. Nc3 a6 6. a3 e5 7. Nf3 Be7 8. Bc4
Be6 9. Ba2 O-O 10. O-O b5 11. Re1 Ra7 12. Nd5 Nxd5 13. Bxd5 Bxd5 14. Qxd5 Nd7
15. Qd1 Nf6 16. c3 Qc7 17. Bg5 Rd8 18. Bxf6 Re8 19. Bxe7 1-0

[Event "NK A Jeugd"]
[Site "Chess.com"]
[Date "2020.05.01"]
[Round "5"]
[White "Boghossian, Wahe"]
[Black "Arnold, Kiri"]
[Result "0-1"]
[WhiteElo "1774"]
[BlackElo "1755"]
[PlyCount "56"]
[EventDate "2020.05.??"]

1. e4 c5 2. Nf3 Nc6 3. d4 cxd4 4. Nxd4 e5 5. Nb5 d6 6. N1c3 a6 7. Na3 Be6 8.
Nc4 Rb8 9. a4 Nb4 10. b3 Nf6 11. Ne3 d5 12. exd5 Nbxd5 13. Nexd5 Nxd5 14. Bb2
Bb4 15. Qf3 Qa5 16. Kd2 Nxc3 17. Bxc3 Rd8+ 18. Bd3 Bxc3+ 19. Ke2 Bxa1 20. Rxa1
O-O 21. Qe4 f5 22. Qxb7 e4 23. Bxa6 Rd2+ 24. Kf1 Qe5 25. Rc1 Qxh2 26. Ke1 Rfd8
27. a5 Qg1+ 28. Bf1 Qxf2# 0-1

[Event "NK A Jeugd"]
[Site "Chess.com"]
[Date "2020.05.01"]
[Round "6"]
[White "De Winter, Arthur"]
[Black "Maters, Arthur"]
[Result "0-1"]
[WhiteElo "2406"]
[BlackElo "1954"]
[PlyCount "72"]
[EventDate "2020.05.??"]

1. e4 c5 2. Nf3 d6 3. d4 cxd4 4. Nxd4 Nf6 5. Nc3 a6 6. h3 e6 7. g4 h6 8. Bg2 g5
9. Be3 Be7 10. Qd2 Nbd7 11. O-O-O Ne5 12. Qe2 b5 13. f4 gxf4 14. Bxf4 Nfd7 15.
Nf5 exf5 16. exf5 Rb8 17. Ne4 Bb7 18. Nxd6+ Bxd6 19. Rxd6 Qe7 20. Rhd1 Bxg2 21.
f6 Bf3 22. Qxf3 Qxd6 23. Re1 Qxf6 24. Qg3 O-O 25. g5 hxg5 26. Bxg5 Qg6 27. Rg1
Rbc8 28. c3 f6 29. Qe3 fxg5 30. Rxg5 Rf1+ 31. Kd2 Nc4+ 32. Ke2 Nxe3 33. Rxg6+
Kh7 34. Rd6 Nf6 35. Kxe3 Re8+ 36. Kd4 Rd1+ 0-1

[Event "NK A Jeugd"]
[Site "Chess.com"]
[Date "2020.05.01"]
[Round "6"]
[White "Wedda, Dries"]
[Black "Grutter, Tim"]
[Result "0-1"]
[WhiteElo "2234"]
[BlackElo "2205"]
[PlyCount "62"]
[EventDate "2020.05.??"]

1. d4 Nf6 2. c4 g6 3. Nc3 Bg7 4. e4 d6 5. Be2 O-O 6. h4 h5 7. Nf3 e5 8. d5 a5
9. Bg5 Qe8 10. Qc2 Na6 11. O-O-O Nc5 12. Nd2 Nh7 13. Be3 f5 14. f3 Nf6 15. Rdg1
b6 16. Bg5 fxe4 17. fxe4 Ng4 18. Bxg4 Bxg4 19. Nf1 Qd7 20. Ne3 Rf7 21. Rf1 Raf8
22. Qd2 Kh7 23. Kc2 Na4 24. Nb5 Nc5 25. Nc3 Bf6 26. Bxf6 Rxf6 27. Rxf6 Rxf6 28.
Rf1 Qf7 29. Qe1 Rf4 30. g3 Rf3 31. Nxg4 Rxf1 0-1

[Event "NK A Jeugd"]
[Site "Chess.com"]
[Date "2020.05.01"]
[Round "6"]
[White "Hilwerda, Jonas"]
[Black "Duson, Robin"]
[Result "1-0"]
[WhiteElo "2238"]
[BlackElo "1937"]
[PlyCount "83"]
[EventDate "2020.05.??"]

1. e4 c5 2. Nf3 e6 3. b3 Nf6 4. e5 Nd5 5. Bb2 Nc6 6. g3 d6 7. Bg2 dxe5 8. Nxe5
Nxe5 9. Bxe5 f6 10. Bb2 Be7 11. O-O O-O 12. c4 Nc7 13. d4 cxd4 14. Qxd4 Qxd4
15. Bxd4 Rd8 16. Be3 a6 17. Bb6 Rd7 18. Nc3 Bd6 19. Ne4 Ne8 20. Nxd6 Rxd6 21.
Bc5 Rd2 22. Rfd1 Rxd1+ 23. Rxd1 Kf7 24. Bxb7 Bxb7 25. Rd7+ Kg6 26. Rxb7 a5 27.
Be7 e5 28. a3 f5 29. b4 axb4 30. axb4 Nf6 31. c5 Ra1+ 32. Kg2 Ra2 33. Bxf6 Kxf6
34. c6 Rc2 35. c7 e4 36. Kf1 Ke6 37. b5 Kd7 38. b6 g5 39. Rb8 Rc1+ 40. Ke2 Rc2+
41. Kd1 Rc4 42. Rd8+ 1-0

[Event "NK A Jeugd"]
[Site "Chess.com"]
[Date "2020.05.01"]
[Round "6"]
[White "Van Foreest, Machteld"]
[Black "Han, Yichen"]
[Result "0-1"]
[WhiteElo "2064"]
[BlackElo "2207"]
[PlyCount "45"]
[EventDate "2020.05.??"]

1. e4 e5 2. Nf3 Nc6 3. d4 exd4 4. Nxd4 Bc5 5. Nb3 Bb4+ 6. c3 Be7 7. Be3 Nf6 8.
N1d2 d5 9. Bd3 O-O 10. O-O Re8 11. Re1 h6 12. Qe2 Bd6 13. exd5 Nxd5 14. Qf3
Nxe3 15. Rxe3 Ne5 16. Qe4 f5 17. Qd5+ Be6 18. Qxb7 Nxd3 19. Rxd3 Bxh2+ 20. Kxh2
Qxd3 21. Nd4 Qxd2 22. Qxc7 Qxf2 23. Qe5 0-1

[Event "NK A Jeugd"]
[Site "Chess.com"]
[Date "2020.05.01"]
[Round "6"]
[White "Van Dael, Siem"]
[Black "De Boer, Eelke"]
[Result "1-0"]
[WhiteElo "2253"]
[BlackElo "1907"]
[PlyCount "71"]
[EventDate "2020.05.??"]

1. e4 e6 2. d4 d5 3. Nc3 Bb4 4. e5 c5 5. a3 Bxc3+ 6. bxc3 Qa5 7. Bd2 Qa4 8. h4
Nc6 9. h5 h6 10. Nf3 b6 11. Rh4 c4 12. Rg4 Rh7 13. Nh4 Nge7 14. Qf3 Nf5 15.
Nxf5 exf5 16. Rg3 Be6 17. Qd1 O-O-O 18. Be2 Rg8 19. f4 Qa5 20. a4 g6 21. Kf2
Rhg7 22. Qc1 Qa6 23. Qa3 Qb7 24. Rh1 Rh7 25. Rgh3 g5 26. fxg5 hxg5 27. Rg3 f6
28. exf6 g4 29. Bf4 Qd7 30. Re3 Nd8 31. a5 Kb7 32. axb6 axb6 33. Ra1 Nf7 34.
Qa7+ Kc6 35. Rxe6+ Qxe6 36. Rb1 1-0

[Event "NK A Jeugd"]
[Site "Chess.com"]
[Date "2020.05.01"]
[Round "6"]
[White "Qi, Zimo"]
[Black "Noordenbos, Daan"]
[Result "1-0"]
[WhiteElo "1783"]
[BlackElo "2051"]
[PlyCount "91"]
[EventDate "2020.05.??"]

1. d4 Nf6 2. c4 g6 3. Nc3 Bg7 4. e4 d6 5. Nf3 O-O 6. Be2 e5 7. O-O Nc6 8. dxe5
dxe5 9. Qxd8 Rxd8 10. Bg5 Re8 11. Nd5 Nxd5 12. cxd5 Nd4 13. Nxd4 exd4 14. Bd3
Bd7 15. Rac1 c6 16. dxc6 Bxc6 17. f3 Rac8 18. Rc2 Bd7 19. Rfc1 Rxc2 20. Rxc2
Rc8 21. Rxc8+ Bxc8 22. Kf2 Be6 23. b3 Kf8 24. Ke2 f6 25. Bc1 Kf7 26. Bb2 a6 27.
Bxd4 Ke7 28. g3 b5 29. f4 Kd6 30. Kd2 Bg4 31. Kc3 Kc6 32. Kb4 Bf8+ 33. Ka5 f5
34. Kxa6 fxe4 35. Bxe4+ Kc7 36. Kxb5 Be2+ 37. Ka4 Kb8 38. a3 h5 39. b4 Be7 40.
Bxg6 Kb7 41. Be4+ Ka6 42. Kb3 h4 43. Kc3 Kb5 44. Bd3+ Bxd3 45. Kxd3 hxg3 46.
hxg3 1-0

[Event "NK A Jeugd"]
[Site "Chess.com"]
[Date "2020.05.01"]
[Round "6"]
[White "Honkoop, Gilian"]
[Black "Emans, Job"]
[Result "0-1"]
[WhiteElo "1636"]
[BlackElo "1949"]
[PlyCount "78"]
[EventDate "2020.05.??"]

1. d4 Nf6 2. Nf3 e6 3. g3 d5 4. Bg2 c5 5. c4 Nc6 6. O-O dxc4 7. Qa4 cxd4 8.
Nxd4 Qxd4 9. Bxc6+ Bd7 10. Bxd7+ Qxd7 11. Qxc4 Be7 12. Nc3 Rc8 13. Qb3 O-O 14.
Rd1 Qc6 15. Be3 b6 16. Rac1 Qb7 17. Qa4 Rfd8 18. f3 a6 19. a3 b5 20. Qb3 h6 21.
Bf2 Nd7 22. Qa2 Nc5 23. b4 Nd7 24. Ne4 Ne5 25. Bc5 Nc4 26. Qb3 Bxc5+ 27. Nxc5
Qc6 28. e4 Qb6 29. Kg2 a5 30. Kf2 a4 31. Qc3 Rd6 32. Rxd6 Qxd6 33. Rc2 Rd8 34.
Kg2 Qd1 35. Kh3 Qf1+ 36. Kh4 Qg1 37. Kh3 Rd1 38. Na6 Ra1 39. Nc7 Rxa3 0-1

[Event "NK A Jeugd"]
[Site "Chess.com"]
[Date "2020.05.01"]
[Round "6"]
[White "Van Foreest, Nanne"]
[Black "Shakhverdian, William"]
[Result "1-0"]
[WhiteElo "1901"]
[BlackElo "2074"]
[PlyCount "53"]
[EventDate "2020.05.??"]

1. e4 e5 2. Nf3 Nc6 3. Bc4 Bc5 4. d4 exd4 5. Ng5 Nh6 6. Nxf7 Nxf7 7. Bxf7+ Kxf7
8. Qh5+ g6 9. Qxc5 d6 10. Qc4+ Be6 11. Qe2 d5 12. exd5 Qxd5 13. O-O Rhe8 14.
Qd3 Bf5 15. Qg3 Qe5 16. Bf4 Qd5 17. Bxc7 Bxc2 18. Nd2 Bf5 19. Nf3 Kg8 20. Rad1
d3 21. Rfe1 d2 22. Rxe8+ Rxe8 23. Rxd2 Qxd2 24. Nxd2 Re1+ 25. Nf1 Nd4 26. f3
Bd3 27. Qxe1 1-0

[Event "NK A Jeugd"]
[Site "Chess.com"]
[Date "2020.05.01"]
[Round "6"]
[White "Arnold, Kiri"]
[Black "Roebers, Eline"]
[Result "0-1"]
[WhiteElo "1737"]
[BlackElo "2046"]
[PlyCount "66"]
[EventDate "2020.05.??"]

1. e4 e6 2. d4 d5 3. Nd2 c5 4. c3 Nc6 5. Ngf3 Nf6 6. Bd3 Be7 7. O-O O-O 8. Re1
cxd4 9. cxd4 dxe4 10. Nxe4 Nxd4 11. Bf4 Nxe4 12. Bxe4 Bf6 13. Rc1 Qb6 14. b3
Nb5 15. Be3 Qd8 16. Qc2 g6 17. Red1 Qe8 18. Qc4 a6 19. a4 Na7 20. Qe2 Be7 21.
Rc7 Bd8 22. Rc3 Nc6 23. Rdc1 Bf6 24. Rxc6 bxc6 25. Bxc6 Bd7 26. Bxa8 Qxa8 27.
Qd2 Bc6 28. Ne1 Rd8 29. Qe2 Qb7 30. Qc2 Bd5 31. Qe2 Bxb3 32. Rb1 Bc4 33. Qc2
Qd5 0-1

[Event "NK A Jeugd"]
[Site "Chess.com"]
[Date "2020.05.01"]
[Round "6"]
[White "Elgersma, Onno"]
[Black "Van Randtwijk, Mick"]
[Result "1-0"]
[WhiteElo "2287"]
[BlackElo "2057"]
[PlyCount "63"]
[EventDate "2020.05.??"]

1. e4 c5 2. Nf3 d6 3. Nc3 Nf6 4. d4 cxd4 5. Nxd4 a6 6. Qf3 Nbd7 7. Be3 g6 8.
O-O-O Bg7 9. h3 h5 10. Bg5 Qc7 11. Qe3 b5 12. f4 Bb7 13. f5 Ne5 14. fxg6 Nxg6
15. Nf5 Bf8 16. Bxf6 exf6 17. Bxb5+ axb5 18. Nxb5 Qc6 19. Nbxd6+ Bxd6 20. Nxd6+
Kf8 21. Qd4 Ne5 22. Qb4 Kg7 23. Qxb7 Qc5 24. Nf5+ Kh7 25. Qe7 Qf2 26. Qxf6 Qf4+
27. Kb1 Rhg8 28. g3 Rxg3 29. Rhf1 Qg5 30. Qxe5 Rg2 31. Qd5 Kg8 32. Qxa8+ 1-0

[Event "NK A Jeugd"]
[Site "Chess.com"]
[Date "2020.05.01"]
[Round "6"]
[White "Van Roon, Sjoerd"]
[Black "Vlieger, Olaf"]
[Result "1-0"]
[WhiteElo "2306"]
[BlackElo "1857"]
[PlyCount "81"]
[EventDate "2020.05.??"]

1. e4 c5 2. Nf3 Nc6 3. d4 cxd4 4. Nxd4 Nf6 5. Nc3 d6 6. Be3 Ng4 7. Bg5 h6 8.
Bh4 g5 9. Bg3 Bg7 10. Nxc6 bxc6 11. Bc4 Qa5 12. O-O Bxc3 13. bxc3 Qxc3 14. Bb3
O-O 15. h3 Nf6 16. Re1 Bb7 17. e5 Nd5 18. exd6 exd6 19. Bxd6 Rfd8 20. Bg3 Nf4
21. Qg4 Bc8 22. Qf3 Nxh3+ 23. Kh2 Qxf3 24. gxf3 Kg7 25. Re7 Rd7 26. Re8 Nf4 27.
Bxf4 gxf4 28. Rg1+ Kf6 29. Rgg8 Rc7 30. Bc4 a5 31. Bf1 c5 32. Bh3 Bxh3 33. Rxa8
Bf5 34. c3 Bg6 35. Rxa5 h5 36. Rd8 Rc6 37. a4 c4 38. Rad5 Kg7 39. a5 Ra6 40.
R8d6 Ra8 41. a6 1-0

[Event "NK A Jeugd"]
[Site "Chess.com"]
[Date "2020.05.01"]
[Round "6"]
[White "Boghossian, Wahe"]
[Black "Heskes, Johan"]
[Result "1-0"]
[WhiteElo "1805"]
[BlackElo "1745"]
[PlyCount "63"]
[EventDate "2020.05.??"]

1. e4 e5 2. Nf3 f5 3. Nxe5 Qf6 4. d4 d6 5. Nc4 fxe4 6. Ne3 c6 7. c4 Be7 8. Nc3
Qg6 9. g3 Nf6 10. Bg2 Be6 11. d5 Bf7 12. Qc2 cxd5 13. cxd5 O-O 14. Bxe4 Nxe4
15. Qxe4 Qxe4 16. Nxe4 Nd7 17. O-O Nb6 18. Rd1 Rfe8 19. a4 Rad8 20. a5 Nd7 21.
Nf5 Bf8 22. Nexd6 Bxd6 23. Nxd6 Re7 24. Bg5 Nf6 25. Bxf6 gxf6 26. Nf5 Re2 27.
d6 Bb3 28. Rd4 Kf7 29. Rc1 Bc2 30. Ne3 Bg6 31. Rc7+ Ke6 32. Re7# 1-0

[Event "NK A Jeugd"]
[Site "Chess.com"]
[Date "2020.05.01"]
[Round "7"]
[White "Maters, Arthur"]
[Black "Elgersma, Onno"]
[Result "0-1"]
[WhiteElo "1952"]
[BlackElo "2289"]
[PlyCount "90"]
[EventDate "2020.05.??"]

1. e4 Nc6 2. d4 d5 3. e5 Bf5 4. c3 e6 5. Bd3 Bxd3 6. Qxd3 Nge7 7. f4 Nf5 8. Nf3
h5 9. g3 Be7 10. Nbd2 Qd7 11. Nf1 Na5 12. Ne3 Nxe3 13. Bxe3 Nc4 14. b3 Nxe3 15.
Qxe3 c5 16. h4 Rc8 17. O-O g6 18. Kg2 Qc6 19. Rac1 Qa6 20. Rf2 Qa3 21. Rfc2 O-O
22. Ng5 b5 23. Qd3 Bxg5 24. fxg5 cxd4 25. Qxd4 Qc5 26. Qf4 Rfd8 27. g4 hxg4 28.
h5 gxh5 29. Rh1 d4 30. Rxh5 Qd5+ 31. Kg1 dxc3 32. Rf2 Qd1+ 33. Kg2 Qf3+ 34.
Rxf3 gxf3+ 35. Kg3 f2 36. Qf6 Rd3+ 37. Kg2 f1=Q+ 38. Kxf1 Rf3+ 39. Qxf3 c2 40.
Qe3 c1=Q+ 41. Qxc1 Rxc1+ 42. Ke2 Rc2+ 43. Kd3 Rxa2 44. Kc3 Re2 45. Rh2 Rxh2 0-1

[Event "NK A Jeugd"]
[Site "Chess.com"]
[Date "2020.05.01"]
[Round "7"]
[White "Noordenbos, Daan"]
[Black "Roebers, Eline"]
[Result "1-0"]
[WhiteElo "2064"]
[BlackElo "2037"]
[PlyCount "79"]
[EventDate "2020.05.??"]

1. e4 c5 2. Nf3 e6 3. d4 cxd4 4. Nxd4 Nc6 5. Nc3 Qc7 6. Ndb5 Qb8 7. Be3 a6 8.
Bb6 axb5 9. Nxb5 Nf6 10. Bc7 Nxe4 11. Bxb8 Rxb8 12. Bd3 Nf6 13. O-O Bc5 14.
Nc7+ Ke7 15. Bc4 d5 16. Bb3 Rd8 17. Nb5 b6 18. a4 Ne5 19. h3 Ne4 20. c3 Ba6 21.
Qe2 Ng6 22. Bc2 Ng3 23. Qg4 Nxf1 24. Rxf1 Bxb5 25. axb5 Ra8 26. Bb3 Ra5 27.
Qg5+ f6 28. Qh5 Kf7 29. Bc2 Ra2 30. Qxh7 Nf4 31. g3 Ne2+ 32. Kg2 Rxb2 33. Qh5+
Ke7 34. Qxe2 d4 35. cxd4 Bxd4 36. Re1 e5 37. Qc4 Bxf2 38. Kxf2 Rd2+ 39. Re2
Rbxc2 40. Qb4+ 1-0

[Event "NK A Jeugd"]
[Site "Chess.com"]
[Date "2020.05.01"]
[Round "7"]
[White "Wierenga, Jael"]
[Black "Honkoop, Gilian"]
[Result "1-0"]
[WhiteElo "1962"]
[BlackElo "1611"]
[PlyCount "69"]
[EventDate "2020.05.??"]

1. d4 Nf6 2. c4 e6 3. Nc3 Bb4 4. Qc2 O-O 5. Bg5 h6 6. Bh4 d5 7. e3 c5 8. cxd5
Qxd5 9. a3 Bxc3+ 10. bxc3 Nbd7 11. Nf3 b6 12. Bd3 Bb7 13. O-O Qh5 14. Bxf6 Nxf6
15. Be2 Be4 16. Qd2 Rad8 17. a4 e5 18. Rfd1 exd4 19. cxd4 Qg6 20. g3 Ng4 21.
Nh4 Qg5 22. f4 Qh5 23. h3 f5 24. hxg4 fxg4 25. Bd3 Bb7 26. Qa2+ c4 27. Bxc4+
Kh8 28. Bd3 Rf6 29. Rac1 g5 30. fxg5 hxg5 31. Rc7 Bd5 32. Qa3 gxh4 33. Rh7+
Qxh7 34. Bxh7 Kxh7 35. Qe7+ 1-0

[Event "NK A Jeugd"]
[Site "Chess.com"]
[Date "2020.05.01"]
[Round "7"]
[White "Van Foreest, Machteld"]
[Black "Wedda, Dries"]
[Result "0-1"]
[WhiteElo "2050"]
[BlackElo "2243"]
[PlyCount "78"]
[EventDate "2020.05.??"]

1. e4 c5 2. Nf3 d6 3. d4 cxd4 4. Nxd4 Nf6 5. Nc3 a6 6. Bg5 Nbd7 7. f4 Qc7 8.
Qf3 b5 9. O-O-O Bb7 10. Bd3 g6 11. Rhe1 Bg7 12. Qe2 e5 13. fxe5 dxe5 14. Nb3
O-O 15. Qf3 b4 16. Nd5 Nxd5 17. exd5 f5 18. Qe2 Qd6 19. Bc4 Kh8 20. Na5 Nc5 21.
Nxb7 Nxb7 22. h4 h5 23. Qe3 Kh7 24. g4 fxg4 25. Rf1 Nc5 26. Rxf8 Rxf8 27. Be7
Qxe7 28. d6 Qa7 29. Kb1 Qb6 30. Qg5 Bf6 31. Qe3 Nd7 32. Qe4 Bg7 33. Qd5 Qc5 34.
Qe6 Nb6 35. Bb3 a5 36. d7 a4 37. Qe8 axb3 38. axb3 Nxd7 39. Qxd7 Rf2 0-1